000 00334nam a2200133Ia 4500
008 240624s9999 xx 000 0 und d
041 _aeng
082 _a658.4092 PIE
100 _aPIERCE JON L
245 _aLEADERS AND LEADERSHIP PROCESS
250 _a(5th ed.)
260 _c2011
_aNew Delhi
_bTata McGraw - Hill
365 _cRS
_b33
999 _c26013
_d26013